00733nam a2200181 a 450000100060000000300090000600800410001502000130005604000280006908200180009724501360011526000310025130000140028250501330029665000420042965000400047165000400051120267CO-ViMGA141112s2004 ck r 000 u spa d a01246267 aCO-ViMGAbspacCO-ViMGA04a657 E771 200610aEstatuto de la profesión de contador público. Reglamento general de la contabilidad. Plan único de cuentas para comerciantes. aBogotá : bLegis, c2006 a356p + CD aEstatuto de la profesión de contador público Reglamento general de la contabilidad Plan único de cuentas para comerciantes14aCONTABILIDAD - LEGISLACION - COLOMBIA14aCONTADORES - LEGISLACION - COLOMBIA14aPLAN UNICO DE CUENTAS - LEGISLACION